Normal view
MARC view
Entry Personal Name
001 - CONTROL NUMBER
- control field: 9491
003 - CONTROL NUMBER IDENTIFIER
- control field: ARRUPE
005 - DATE AND TIME OF LATEST TRANSACTION
- control field: 20140326172724.0
008 - FIXED-LENGTH DATA ELEMENTS
- fixed length control field: 140326|| aca||aabn | a|a d
040 ## - CATALOGING SOURCE
- Original cataloging agency: ARRUPE
- Transcribing agency: ARRUPE
100 ## - HEADING--PERSONAL NAME
- Personal name: Rhodes, Cecil,
- Dates associated with a name: 1853-1902.
670 ## - SOURCE DATA FOUND
- Source citation: Work cat.: (ARRUPE)0: Colvin, Ian Duncan, 1877-1938. 9489, The life of Jameson,, 1922.